00778nam a2200217 a 450000100100000000500170001000800410002702000150006804000250008308200150010810000440012324500960016726000290026330000210029249000220031359000260033570000400036183000290040195201130043099900170054300004443720201002045355.0140630s1976 sp r 000 0 spa d a8424934261 aDO-SdBNPbspacBNPHU axxxxbxxxx1 aJenofonte,d434?-355 a. de J. C.96297210aAnábasis :blibro 1 /cJenofonte; traducción literal y literaria José Pérez Riesco. aMadrid :bGredos,c1976. a165 p. ;c18 cm.1 aGredos bilingüe aInventariado, 2019/BT12aPérez Riesco, José,etr.972449 0aGredos bilingüe969472 001050718MOaGRbGRcHDd2014-06-30iLF1l0oxxxx xxxxp44437-10r2020-06-25w2020-06-25y1ZNo se presta c43926d43926